Normal view
MARC view
- تاليف محمد، سعاد ماهر
Entry Personal Name
001 - CONTROL NUMBER
- control field: 20442
003 - CONTROL NUMBER IDENTIFIER
- control field: JO-AjAnu
005 - DATE AND TIME OF LATEST TRANSACTION
- control field: 20230606073545.0
008 - FIXED-LENGTH DATA ELEMENTS
- fixed length control field: 230606|| aca||aabn | a|a d
040 ## - CATALOGING SOURCE
- Original cataloging agency: JO-AjAnu
- Transcribing agency: JO-AjAnu
100 ## - HEADING--PERSONAL NAME
- Personal name: تاليف محمد، سعاد ماهر
670 ## - SOURCE DATA FOUND
- Source citation: Work cat.: (JO-AjAnu)10497: تاليف محمد، سعاد ماهر, author, مدينة أسوان وآثارها في العصر الإسلامي